Vengry v Bolgarskom Cartve v XIII-XIV vekah
Elmentve itt :
| Szerző: | |
|---|---|
| Dokumentumtípus: | Könyv része |
| Megjelent: |
1994
|
| Sorozat: | Acta Universitatis Szegediensis : Opuscula Byzantina
9 Byzance et ses voisins : mélanges à la mémoire de Gyula Moravcsik à l'occasion du centième anniversaire de sa naissance 9 |
| Kulcsszavak: | Magyarország története - középkor |
| Tárgyszavak: | |
| Online Access: | http://acta.bibl.u-szeged.hu/4105 |
| LEADER | 00893naa a2200217 i 4500 | ||
|---|---|---|---|
| 001 | acta4105 | ||
| 005 | 20210923101616.0 | ||
| 008 | 161015s1994 hu o 0|| rus d | ||
| 022 | |a 0139-2751 | ||
| 040 | |a SZTE Egyetemi Kiadványok Repozitórium |b hun | ||
| 041 | |a rus | ||
| 100 | 1 | |a Nikolov Georgi N. | |
| 245 | 1 | 0 | |a Vengry v Bolgarskom Cartve v XIII-XIV vekah |h [elektronikus dokumentum] / |c Nikolov Georgi N. |
| 260 | |c 1994 | ||
| 300 | |a 77-85 | ||
| 490 | 0 | |a Acta Universitatis Szegediensis : Opuscula Byzantina |v 9 | |
| 490 | 0 | |a Byzance et ses voisins : mélanges à la mémoire de Gyula Moravcsik à l'occasion du centième anniversaire de sa naissance |v 9 | |
| 650 | 4 | |a Bölcsészettudományok | |
| 650 | 4 | |a Történettudomány és régészet | |
| 695 | |a Magyarország története - középkor | ||
| 856 | 4 | 0 | |u http://acta.bibl.u-szeged.hu/4105/1/opuscula_byzantina_009_077-085.pdf |z Dokumentum-elérés |